Library Banner

Supercapitalism: (Record no. 100854)

MARC details
000 -LEADER
fixed length control field 00449nam a22001577a 4500
005 - DATE AND TIME OF LATEST TRANSACTION
control field 20171219115514.0
008 - FIXED-LENGTH DATA ELEMENTS--GENERAL INFORMATION
fixed length control field 171219b xxu||||| |||| 00| 0 eng d
020 ## - INTERNATIONAL STANDARD BOOK NUMBER
International Standard Book Number 9781848310469
040 ## - CATALOGING SOURCE
Transcribing agency PK-LaUMT
082 ## - DEWEY DECIMAL CLASSIFICATION NUMBER
Classification number PKAC 320.97301
Item number REI-S
100 ## - MAIN ENTRY--PERSONAL NAME
Personal name Reich , Robert
245 ## - TITLE STATEMENT
Title Supercapitalism:
Remainder of title the battle for democracy in an age of big business/
Statement of responsibility, etc Robert Reich
260 ## - PUBLICATION, DISTRIBUTION, ETC. (IMPRINT)
Place of publication, distribution, etc London;
Name of publisher, distributor, etc Icon books,
Date of publication, distribution, etc 2007
300 ## - PHYSICAL DESCRIPTION
Extent 272 P.
942 ## - ADDED ENTRY ELEMENTS (KOHA)
Koha item type Books
Holdings
Withdrawn status Lost status Damaged status Home library Current library Date acquired Full call number Barcode Date last seen Price effective from Koha item type
      UMT Main Campus UMT Main Campus 2017-12-19 PKAC 320.97301 REI-S 116662 2017-12-19 2017-12-19 Books